Carrières de footballeurs - Spécial Belgique #1 - Statistiques

Statistiques générales
  • Ce quiz a été pris 99 fois
  • Le résultat moyen est 6 sur 15
Statistiques - réponses
Par images Réponse % Correct
Vincent Kompany
94%
Romelu Lukaku
75%
Toby Alderweireld
73%
Thorgan Hazard
61%
Hans Vanaken
60%
Dante
40%
Ivan Perišić
38%
Jean-Marie Pfaff
28%
Jelle Vossen
27%
Lior Refaelov
27%
Michel Preud'homme
26%
Silvio Proto
22%
Ruud Vormer
21%
Jelle Van Damme
19%
Mehdi Carcela
19%
Aucun quiz correspondant
Distribution des résultats
% des personnes avec chaque résultat
Percentile par nombre de réponses
Votre historique - résultats
Vous n’avez pas pris ce quiz